Gold rush fever (Registro nro. 9216)

Detalles MARC
000 -LIDER
fixed length control field 00682nam a22002537a 4500
001 - NÚMERO DE CONTROL
Identificador de número de control 0168
003 - IDENTIFICACDOR DE NÚMERO DE CONTROL
control field DO-SdBNP
005 - DATE AND TIME OF LATEST TRANSACTION
control field 20160314112849.0
007 - CAMPOS FIJOS DE DESCRIPCIÓN FÍSICA
fixed length control field 0168
008 - ELEMENTOS DE LONGITUD FIJA
fixed length control field 151005b 200 2001 xxu 00| 0 spa d
020 ## - ISBN
International Standard Book Number 0439389100
040 ## - FUENTE DE CATALOGACIÓN
Agencia que crea de manera original el registro BPMSU
Idioma de catalogación spa
Agencia que realiza la transcripción BPMSU
092 ## - LOCALLY ASSIGNED DEWEY DECIMAL CALL NUMBER
Número de clasificación XXXX
Número de ítem (Cutter) XXXX
100 1# - ASIENTO PRINCIPAL -- NOMBRE PERSONAL
Nombre personal Greenwood, Barbara
245 10 - MENCIÓN DE TITULO
Título Gold rush fever
Subtítulo a story of the Klondike 1898
Mención de responsabilidad Barbara Greenwood ; ilustración Heather Collins
260 ## - PUBLICACIÓN, DISTRIBUCIÓN, ETC. (PIE DE IMPRENTA)
Lugar de publicación, distribución, etc New York :
Nombre del editor, distribuidor, etc. Scholastic,
Fecha de publicación, distribución, etc 2001.
300 ## - DESCRIPCIÓN FÍSICA
Extensión 160 p :
Otros detalles físicos il.
Dimensiones 24 cm.
500 ## - NOTA GENERAL
Nota general Incluye glosario
500 ## - NOTA GENERAL
Nota general Incluye índice
700 12 - ASIENTO SECUNDARIO -- NOMBRE PERSONAL
Nombre personal Collins, Heather
Mención de responsabilidad il.
910 ## - VALIDACIÓN
Validación 144
942 ## - ADDED ENTRY ELEMENTS (KOHA)
Source of classification or shelving scheme Dewey Decimal Classification
Koha item type Libros
956 ## - LOCAL ELECTRONIC LOCATION AND ACCESS (OCLC)
Nombre de host Yngrid Lockward
Existencias
Withdrawn status Lost status Source of classification or shelving scheme Damaged status Not for loan Collection code Home library Current library Date acquired Source of acquisition Total Checkouts Barcode Date last seen Price effective from Koha item type Copy number
    Dewey Decimal Classification       Biblioteca Pública Metropolitana Salomé Ureña Biblioteca Pública Metropolitana Salomé Ureña 03/14/2016 Donación   BPMSU16030090 03/14/2016 03/14/2016 Libros  
    Dewey Decimal Classification       Biblioteca Pública Metropolitana Salomé Ureña Biblioteca Pública Metropolitana Salomé Ureña 06/06/2016 Donación   BPMSU16060063 06/06/2016 06/06/2016 Libros e. 2